LEADER 01371nam a2200325 i 4500 001 991001140709707536 005 20020507184013.0 008 950427s1994 it ||| | ita 035 $ab10806477-39ule_inst 035 $aLE01307689$9ExL 040 $aDip.to Matematica$beng 082 0 $a515.64 084 $aAMS 49-02 084 $aAMS 49J45 100 1 $aGiusti, Enrico$03338 245 10$aMetodi diretti nel calcolo delle variazioni /$cEnrico Giusti 260 $aBologna :$bUnione Matematica Italiana,$c1994 300 $av, 422 p. ;$c25 cm. 500 $aLavoro eseguito con il contributo del CNR 650 4$aCalculus of variations - Research exposition 650 4$aProblems involving convergence 650 4$aProblems involving semicontinuity 907 $a.b10806477$b04-10-06$c28-06-02 912 $a991001140709707536 945 $aLE013 49-XX GIU11 C.1 (1994)$g1$i2013000028651$lle013$o-$pE0.00$q-$rl$s- $t0$u3$v7$w3$x0$y.i10911261$z28-06-02 945 $aLE013 49-XX GIU11 C.2 (1994)$g2$i2013000121192$lle013$o-$pE0.00$q-$rl$s- $t0$u16$v2$w16$x0$y.i10911273$z28-06-02 945 $aLE013 49-XX GIU11 C.3 (1994)$g3$i2013000121208$lle013$o-$pE0.00$q-$rn$s- $t1$u8$v0$w8$x0$y.i10911285$z28-06-02 996 $aMetodi diretti nel calcolo delle variazioni$9376335 997 $aUNISALENTO 998 $ale013$b01-01-95$cm$da $e-$fita$git $h0$i3 LEADER 02175nas 2200673-a 450 001 996204553103316 005 20240413024145.0 011 $a0252-1997 035 $a(CKB)110992357297290 035 $a(CONSER)sc-84008243- 035 $a(EXLCZ)99110992357297290 100 $a19800326b19751989 --- a 101 0 $aeng 181 $ctxt$2rdacontent 182 $cc$2rdamedia 183 $acr$2rdacarrier 200 04$aDie Makromolekulare Chemie$iSupplement 210 $aBasel $cHüthig & Wepf$d1975-©1989 215 $a1 online resource 300 $aOrder of titles varies. 311 08$aPrint version: Die Makromolekulare Chemie. 0253-5904 (DLC)sc 84008243 (OCoLC)6128099 517 1 $aMacromolecular chemistry and physics. 531 $aMAKROMOLEKULARE CHEMIE. SUPPLEMENTBAND 531 0 $aMakromol. Chem., Suppl. 606 $aPolymerization$vPeriodicals 606 $aSynthetic products$vPeriodicals 606 $aPolymers$vPeriodicals 606 $aBiochemistry 606 $aMacromolecular Substances 606 $aPhysics 606 $aPolymers 606 $aPolymers and polymerization$vPeriodicals 606 $aOrganic compounds$xSynthesis$vPeriodicals 606 $aChemistry, Physical and theoretical$vPeriodicals 606 $aPolymerization$2fast$3(OCoLC)fst01070576 606 $aPolymers$2fast$3(OCoLC)fst01070588 606 $aSynthetic products$2fast$3(OCoLC)fst01141270 606 $aPractice Guideline$2nasat 608 $aPeriodicals.$2fast 608 $aPeriodicals.$2lcgft 615 0$aPolymerization 615 0$aSynthetic products 615 0$aPolymers 615 2$aBiochemistry. 615 2$aMacromolecular Substances. 615 2$aPhysics. 615 2$aPolymers. 615 3$aPolymers and polymerization 615 3$aOrganic compounds$xSynthesis 615 3$aChemistry, Physical and theoretical 615 7$aPolymerization. 615 7$aPolymers. 615 7$aSynthetic products. 615 7$aPractice Guideline. 906 $aJOURNAL 912 $a996204553103316 920 $aexl_impl conversion 996 $aMakromolekulare Chemie$9791842 997 $aUNISA